Quizzes
Events
Quiz Creation
Community
Videos
Private Events
Remove Ads
Sign In
Join for FREE
Feedback
Dark Mode
Quiz Categories
Sports
Geography
Music
Movies
Television
Just For Fun
Miscellaneous
History
Literature
Language
Science
Gaming
Entertainment
Religion
Holiday
For Kids
Quiz Lab
Recent
Popular Today
Quiz Kudos Today
Editor Picks
Curator Picks
Quizzes by...
Day
Popularity
Type
Ratings
Length
Year
Community
Subscriptions
Recent Discussions
Orange Saloon
Badges
Playlists
Quests
Create
Leaderboards
Showdown
Live 5
Trivia Bingo
Activity
Puzzle Library
Sporcle Events
Private Events
Virtual Trivia
Globe League
Become a Host
Pub Owners
SporcleCon
Opinionation
Our Games
Videos
Blog
Mobile Apps
Partnerships
Remove Ads and Go Orange
Feedback
Music
Pop Music
The Beatles
Song
Album
Lyrics
Bands
Singers
Artist
Clip
Rock
Rap
Classical
Billboard
Country Music
Kpop
Taylor Swift
Music
Pop Music
The Beatles
Song
Album
Lyrics
Bands
Singers
Artist
Clip
Rock
Rap
Classical
Billboard
Country Music
Kpop
Taylor Swift
Random Quiz
Search Sporcle
×
Quiz Lab
Quiz Lab
Music
Song
Type in answers that appear in a list
Type in answers that appear in a list
Classic
Best Score? Go Orange.
SHINee Songs [UPDATE] Stats
Can you name the SHINee Discography ?
By
tamango
15m
117 Questions
551 Plays
551 Plays
551 Plays
Comments
Comments
Give Quiz Kudos
Give Quiz Kudos
-
- Ratings
hide this ad
More Info
Random Order
Randomize order of answers
Randomize order of answers
Replay
Link that replays current quiz
Next Quiz
Link to next quiz in quiz playlist
You Got
0%
They Got
Avg Score
52%
Avg Friend Score
Upgrade to see
Score Distribution
Jump to the score distribution portion of the page
Score
0/117
Timer
15:00
0
Plays Today
Album
Song Title
% Correct
Title Song
Lucifer
94.7%
Japanese Version
Lucifer
94.7%
Boom Track Version
Replay
92.4%
Debut Song
Replay
92.4%
Noona Neomu Yeppeo
92.4%
Japanese Version
Replay
92.2%
Title Song + 'Hybrid Remix'
Sherlock
91.7%
Japanese Version
Sherlock
89.4%
Title Song
Hello
87.8%
Japanese Version
Hello
87.8%
Title Song
Dream Girl
87.7%
Japanese Version
Dream Girl
87.7%
Lyrics by Jonghyun Orignal by Corbin Bleu
Juliette
86.9%
Japanese Version
Juliette
86.9%
Title Song
Why So Serious
86.6%
Everybody
86.5%
Everybody
86.5%
Shine (Medusa I)
84.6%
Ring Ding Dong
83.5%
Dibidibidis
The Shinee World
82.9%
Amigo
82.4%
Japanese Version
Amigo
82.2%
Japanese Version
The Shinee World
81.7%
Boys Over Flowers OST
Stand by Me
75%
Title Song
Y.O.U
75%
Boys Meet U
74.5%
Clue
74.4%
Note
73.7%
Fire
72.5%
Fire
72.5%
3 2 1
71.6%
Lead Single
Love Like Oxygen
70.8%
Japanese Version
Love Like Oxygen
70.4%
In My Room
70.2%
Unplugged Remix
In My Room
70.2%
Lives in the Notre Dame Tower
Quasimodo
67.9%
Bonus Track + Later Featured in Sherlock
Stranger
67.3%
Korean Version
Stranger
67.3%
JoJo
67%
Album
Song Title
% Correct
Lyrics by Jonghyun and Minho
Alarm Clock
65.9%
One
65.2%
Lyrics by Jonghyun
Obsession
63.9%
Lyrics by Jonghyun written for Korean fans
Honesty
63.9%
GOT7
Girls, Girls, Girls
62.9%
Jonghyun Solo
Y Si Fuera Ella
62.1%
Evil
61.4%
Key and Minho
Get Down
59.9%
Symptoms
59.9%
A-Yo
59.7%
Colorful
59.6%
Wowowow
59.2%
Spoiler
58.9%
Lyrics by Minho and Key
Get It
58.4%
Love Should Go On
58.3%
Shinee Girl
57.9%
Up & Down
57.9%
Lyrics by Onew
Your Name
57.9%
Nightmare
57.7%
Love Still Goes On
56.1%
Jonghyun and Onew Duet
Please Don't Go
55.9%
Like A Fire
55.1%
Romeo+Juliette
55%
The Reason
55%
Onew Duet with Kim Yeonwoo
The Name I Loved
54.6%
Dangerous (Medusa II)
54.6%
Electric Heart
54.1%
Graze
53.7%
Romantic
53.5%
Ready Or Not
53.4%
Hit Me
53.2%
Queen of New York
53%
Presented in Shinee's debut showcare
Real
53%
Dazzling Girl
52.9%
Senorita
52.8%
Music Box (Oreugol)
52.6%
Life
52.1%
Prelude to In My Room
Last Gift
51.9%
Hitchhiking
51.7%
Album
Song Title
% Correct
Aside
51.7%
Dynamite
51.1%
Runaway
51.1%
Shout Out
50.8%
Excuse Me Miss
50.6%
Close the Door
50.4%
Four Seasons
50.3%
Better
50.3%
Beautiful
50%
Best Place
49%
One For Me
48.8%
Destination
48.4%
Seesaw
48.1%
Punch Drunk Love
48%
Talk to You
47.4%
One Minute Back
47%
Love's Way
46.8%
1000-nen
46.3%
Love Pain
46.1%
Can't Leave (Sleepless Night)
46%
Always Love
45.6%
Boys Over Flowers OST
Bodyguard
45.4%
Breaking News
45.1%
OST
Haru
45%
Start
44.8%
Prosecutor Princess OST
Fly High
43.6%
Forever Or Never
42.6%
'09 Summer SM Town
Scar
42.1%
Kiss Yo
41.5%
To Your Heart
40.7%
Password
40.3%
Run With Me
38.6%
BURNING UP!
34.4%
Moon River Waltz
31.8%
Sunny Day Hero
31.5%
Keeping Love Again
31.2%
I'm With You
29.8%
The World Where You Exist
23.5%
Colors of the Seasons
22.1%
Quiz Playlist
Details
Report
Send in Message
Add To Playlist
More Info:
Current as of January 29, 2014
Classic:
Type in answers that appear in a list
Random Order:
Randomize order of answers
Last Updated: Feb 16, 2017
Quiz Scoreboard
CHALLENGE
Sign Up to Join the Scoreboard
Show All
Scores
Hide
Comments
May contain spoilers
Recently Published
9x9 Crossword: Cartoon Network
by jackfrog10
Miscellaneous
3m
College Basketball Coaching Resumes
by pancakes188
Sports
9m
Billboard Blitz: Fleetwood Mac
by CooCooCachoo
Music
15s
More to Explore
Quiz From the Vault
Featured Blog Post
Where Did the Easter Bunny Come From?
hide this ad
You Might Also Like...
Tags
Album Quiz
Kpop Quiz
Song Quiz
Discography
Kpop Quiz
SHINee
Today's Top Quizzes in Music
Browse Music
hide this ad
Today's Top Quizzes in Song
Browse Song
Top Contributed Quizzes in Music
1
Taylor Swift All Songs (2024)
2
Guess the Artist- 70s Songs
3
7-to-1: Billboard Hot 100 #1 Hits of 2010s
4
Sorting Albums and Songs
5
Taylor Swift Logic Puzzle
6
KPOP LOGIC QUIZ
7
Guess the Taylor Swift song (Mystery Song)
8
One Thing in Common: Music
9
2010s Album by Cover III
10
Guess The Taylor Swift Lyrics Song #1
Explore More
Trending Topics
Crossword
Disney
Anime
Marvel
Harry Potter
NBA
Kpop
NFL
The Office
Pokémon
Soccer
Song
Puzzle
Country
WWE
hide this ad
More By:
tamango
Quiz
Plays
Rating
Category
Featured
Created
SHINee Songs [UPDATE]
551
5.00
Music
Apr 20, 2012
Go to Creator's Profile
Score Distribution
Quiz Creator Spotlight
tamango
Follow
Send a Message
Quizzes Created
-
Created Quiz Play Count
-
More By This Creator
Popular Quizzes Today
1
Find the US States - No Outlines Minefield
2
Find the Countries of Europe - No Outlines Minefield
3
The Countries of the World
4
Find the US States
5
Risky Map Clicking: Biggest States A-Z
6
US States
7
Popular People in 1961
8
Movies - When Are They Set?
More Music Quizzes
Rihanna by Any 3 Letters
Published
Trending Quizzes
Risky Map Clicking: Least Populous States A-Z
1-10 Letter G Words
1-10 Letter F Words
Risky Map Clicking: Next State Alphabetically
Adjectives in 80s TV Shows
Recently Updated
Leaping Animals
pecheneg
Reality TV Shows (A-Z)
bhenderson79
Rickey Henderson's Hall of Fame Teammates
pecheneg
Champions League XIs: Arsenal
pecheneg
Quick Pick: Celebrities in WWE's Hall of Fame
aduchscher
A-Z Keypad Blitz II
pecheneg
Multiple Oscar Actors
pecheneg
Mystery Phrase Blitz: Oscar 'Best Actors'
pecheneg
F. Scott Fitzgerald Novels
LTH
Pick 3 Villains
ddd62291
Trending Topics
Crossword
Anime
Marvel
Harry Potter
NBA
Kpop
Disney
NFL
Soccer
Country
The Office
Pokémon
Song
Puzzle
WWE
Your Account Isn't Verified!
In order to create a playlist on Sporcle, you need to verify the email address you used during registration. Go to your
Sporcle Settings
to finish the process.
Report this User
Report this user for behavior that violates our
Community Guidelines
.
Details:
Send Report
Go to the Sporcle.com Mobile Site →
Comments